000
00247nam a2200097Ia 4500
001
967496
005
20250826220325.0
008
250824s9999 xx 000 0 und d
245
0
_a
ARABA SEVDASI
_c
RECAİZADE MAHMUD EKREM
260
_b
ANONİM YAYINLARI
999
_c
967496
_d
967496